Subnational Capital Markets in Developing Countries: From Theory to Practice (Record no. 2067)
[ view plain ]
| 005 - DATE AND TIME OF LATEST TRANSACTION | |
|---|---|
| control field | 20250507074910.0 |
| 020 ## - INTERNATIONAL STANDARD BOOK NUMBER | |
| International Standard Book Number | 0-8213-5464-7 |
| 082 ## - DEWEY DECIMAL CLASSIFICATION NUMBER | |
| Classification number | LECT 332.041 SUB |
| 245 ## - TITLE STATEMENT | |
| Title | Subnational Capital Markets in Developing Countries: From Theory to Practice |
| 260 ## - PUBLICATION, DISTRIBUTION, ETC. | |
| Place of publication, distribution, etc. | New York, |
| Name of publisher, distributor, etc. | Oxford University Press, |
| Date of publication, distribution, etc. | 2004. |
| 300 ## - PHYSICAL DESCRIPTION | |
| Extent | xliii, 651p.: ill.; figure, graph, table. |
| Other physical details | Bibliography & index. |
| Dimensions | 23cm. |
| 700 ## - ADDED ENTRY--PERSONAL NAME | |
| Other authors/Editors | FREIRE, M., PETERSEN, J., HUERTAS, M. & VALADEZ, M. |
| 942 ## - ADDED ENTRY ELEMENTS (KOHA) | |
| Source of classification or shelving scheme | Dewey Decimal Classification |
| Koha item type | Books |
| Date last seen | Total checkouts | Full call number | Barcode | Cost, replacement price | Price effective from | Koha item type | Lost status | Source of classification or shelving scheme | Damaged status | Not for loan | Withdrawn status | Home library | Current library | Shelving location | Date acquired | Cost, normal purchase price |
|---|---|---|---|---|---|---|---|---|---|---|---|---|---|---|---|---|
| 07/01/2025 | 332.041 SUB | DOM0004596 | 135000.00 | 07/01/2025 | Books | Dewey Decimal Classification | CBE Dodoma | CBE Dodoma | General Collection | 12/08/2010 | 45000.00 | |||||
| 05/07/2025 | LECT 332.041 SUB | 0000007916 | 135000.00 | 05/07/2025 | Books | Dewey Decimal Classification | College of Business Education Main Library | College of Business Education Main Library | General Collection | 12/08/2010 | 45000.00 | |||||
| 05/07/2025 | LECT 332.041 SUB | 0000007917 | 135000.00 | 05/07/2025 | Books | Dewey Decimal Classification | College of Business Education Main Library | College of Business Education Main Library | General Collection | 12/08/2010 | 45000.00 | |||||
| 05/29/2025 | 332.041 SUB | 00000010407 | 135000.00 | 05/29/2025 | Books | Dewey Decimal Classification | College of Business Education Main Library | College of Business Education Main Library | Special Reserve Collection | 12/08/2010 | 45000.00 |
